| 000 | 00518nam a2200157 4500 | ||
|---|---|---|---|
| 001 | 3678 | ||
| 005 | 20181127171747.0 | ||
| 090 | 0 | 0 | _a241.7 D5332b 2008 |
| 100 | 0 | 0 | _aDhammajoti, Beligalle. |
| 245 | 0 | 0 |
_aBuddhism & modern world / _b _cBhikkhu Dr Beligalle Dhammajoti. _h |
| 260 | 0 | 0 |
_aSelangor Daruk Ehsan, Malaysia: _bKinrana Metta Buddhist Society, _c2008. |
| 300 | 0 | 0 | _avii, 90 p. ; 21 cm. |
| 650 |
_aBuddhism and social problems. _v _x _y _z _2 |
||
| 650 | 0 | 0 |
_aMeditation Buddhism. _x |
| 650 | 0 | 0 |
_aSpiritual life --Buddhism. _x |
| 999 |
_c3002 _d3002 |
||